|
|
|
|
| LEADER |
01371nam a22003492a 4500 |
| 001 |
001535455 |
| 003 |
CZ BrMZK |
| 005 |
20160715134031.0 |
| 007 |
ta |
| 008 |
160715s1990 xr er|||||||||||cze d |
| 015 |
|
|
|a cnb000060048
|
| 020 |
|
|
|q (Brož.) :
|c 7 Kčs
|
| 035 |
|
|
|a (OCoLC)29780962
|
| 040 |
|
|
|a ABA001
|b cze
|d ABA001
|d BOA001
|
| 080 |
9 |
|
|a 632.6/.7
|
| 100 |
1 |
|
|a Bartoš, Jaroslav,
|d 1931-
|7 jk01010919
|4 aut
|
| 245 |
1 |
0 |
|a Integrovaná ochrana skleníkových rostlin /
|c Jaroslav Bartoš ; Zdeněk Landa ; Vladimír Táborský
|
| 260 |
|
|
|a Praha :
|b Ústav vědeckotechnických informací pro zemědělství,
|c 1990
|
| 300 |
|
|
|a 40 s. :
|b fotogr. ;
|c 20 cm
|
| 490 |
1 |
|
|a Metodiky pro zavádění výsledků výzkumu do zemědělské praxe,
|x 0231-9470 ;
|v 11
|
| 500 |
|
|
|a Rus. a angl. souhrn
|
| 500 |
|
|
|a Rozmn.
|
| 500 |
|
|
|a Přehl. lit
|
| 655 |
|
7 |
|a metodické příručky
|7 fd132826
|2 czenas
|
| 700 |
1 |
|
|a Táborský, Vladimír,
|d 1931-
|7 jx20041022021
|4 aut
|
| 700 |
1 |
|
|a Landa, Zdeněk,
|d 1934-1975
|7 jk01071471
|4 aut
|
| 710 |
1 |
|
|a Československo.
|b Federální ministerstvo hospodářství
|7 ko2003203324
|
| 830 |
|
0 |
|a Metodiky pro zavádění výsledků výzkumu do zemědělské praxe
|
| 910 |
|
|
|a BOA001
|b X-0963.951
|
| 990 |
|
|
|a BK
|
| 991 |
|
|
|b 201607
|
| 996 |
7 |
|
|b 2619164409
|c X-0963.951
|l MZK
|r Sklad / do 24 hodin
|n 0
|w 001570351
|u 000010
|a 1
|e BOA001
|j MZK50
|s A
|